| 000 | 00377nam a2200157Ia 4500 | ||
|---|---|---|---|
| 008 | 230312s9999||||xx |||||||||||||| ||und|| | ||
| 020 | _a81-78-208-5 | ||
| 082 |
_a658.409 _bMAX |
||
| 100 | _aMaxwell, John C | ||
| 245 | 0 | _aAttitude 101 | |
| 260 |
_bMagna Books _aNew Dehli _c2003 |
||
| 300 | _a97 | ||
| 546 | _aEng. | ||
| 650 |
_aManagement _vThe impact of Attitude |
||
| 942 | _cBK | ||
| 999 |
_c335 _d335 |
||